01003cam a2200253 a 450000100100000000500170001000800410002704000200006808200200008810000450010824500610015326000480021430000210026249000380028365000280032165000320034965000390038183000470042091000070046704900090047495201230048395201280060699900150073400000880220200929161418.0770112s1972 ve 000 f spa d aDO-SdBNPdBNPHU aV863.44bB641ho1 aBlanco-Fombona, Rufino,d1874-19449387713aEl hombre de hierro :bnovelin /cRufino Blanco Fombona. aCaracas, Venezuela :bMonte Ávila,c1972. a167 p. ;c16 cm.1 aBiblioteca popular. El Doradov26 4aNovela venezolana93962 4aLiteratura venezolana93816 4aLiteratura latinoaméricana94717 0aBiblioteca popular. El Dorado ;v26913605 aWM aBNGR 001054708MOaGRbGRcHDd2009-09-18iLF1l0oV863.44 B641hop8802-10r2020-06-25w2020-06-25y4ZPréstamo en sala 001053728MOaGRbGRcHDd2011-03-01iLF1l0oV863.44 B641hop8802-20r2020-06-25te.2w2020-06-25y4ZPréstamo en sala c8571d8571